000 00971cam a22003011 4500
001 15127
003 BD-RjUL
005 20211208235744.0
008 140209s1968 nyua b 001 0 eng
035 _a(BD-RjUL)15181
040 _aDLC
_cDLC
_dDLC
_beng
041 _aeng
082 0 0 _a658.4
_bSTU 1968
100 1 _aBauer, Raymond Augustine,
_d1916-1977.
_947078
245 1 4 _aThe study of policy formation /
_cedited by Raymond A. Bauer and Kenneth J. Gergen.
260 _aNew York :
_bFree Press,
_c1968
300 _axxii, 392 p. :
_billus. ;
_c24 cm.
500 _aPrepared in cooperation with the National Planning Association.
504 _aIncludes index
650 0 _aDecision making.
_947079
650 0 _aManagement.
_947080
650 0 _aPublic administration.
_947081
700 1 _aGergen, Kenneth J.,
_ejoint author.
_947082
710 2 _aNational Planning Association.
_947083
942 _2ddc
_cBK
999 _c15127
_d15127